000 00381cam a22001217a 4500
008 180718b1987 xxu||||| |||| 00| 0 eng d
082 _aA81x54 In2/81/6/Pt6A&B
100 _aCensus of India 1981
245 _aHaryana: fertility tables
260 _aDelhi
_bThe Controller of Publications
_c1987
300 _a891+p.
440 _aCensus of India 1981. Series-6, Haryana. Part-VI A & B
999 _c482630
_d482630